000 00396nam a2200145Ia 4500
008 231129s1978||||xx |||||||||||||| ||spa||
020 _a84-286-0175-5
040 _bspa
082 _a813 D278c
100 _aDe Felitta Frank
245 0 _aEl cristal ardiente (Audrey Rose)
260 _c1978
264 _aBarcelona EspaƱa : Pomaire
942 _2ddc
_cBKS
999 _c10712
_d10712